[Event "Ghent op-B 44th"]
[Site "Ghent"]
[Date "2023.07.15"]
[Round "2"]
[White "Maes, Tibo"]
[Black "Goudriaan, Etienne"]
[Result "0-1"]
[WhiteElo "1964"]
[BlackElo "2322"]
[PlyCount "60"]
[EventDate "2023.07.11"]
[EventType "swiss"]
[EventRounds "9"]
[EventCountry "BEL"]
[SourceTitle "EXT 2024"]
[Source "ChessBase"]
[SourceDate "2023.10.10"]
[SourceVersion "1"]
[SourceVersionDate "2023.10.10"]
[SourceQuality "1"]

1. e4 c6 2. d4 d5 3. Nd2 dxe4 4. Nxe4 Nf6 5. Nxf6+ exf6 6. c3 Bd6 7. Bd3 0-0 8. Qc2 Re8+ 9. Ne2 h5 10. 0-0 h4 11. h3 Nd7 12. Bd2 Nf8 13. Rae1 g6 14. f4 f5 15. c4 Nh7 16. b4 Nf6 17. b5 cxb5 18. c5 Bc7 19. Bxb5 Bd7 20. Bxd7 Qxd7 21. Qc4 Re4 22. Rb1 Rae8 23. Rf2 b6 24. c6 Qe6 25. Qxe6 R4xe6 26. Nc3 Rxc6 27. d5 Rc5 28. Rc1 b5 29. Rff1 Bb6 30. Kh2 Nxd5 0-1

[Event "EU-ch U18 26th"]
[Site "Prague"]
[Date "2016.08.25"]
[Round "7"]
[White "Maes, Tibo"]
[Black "Steindl, Johannes"]
[Result "0-1"]
[WhiteElo "1950"]
[BlackElo "2141"]
[PlyCount "64"]
[EventDate "2016.08.18"]
[EventType "swiss"]
[EventRounds "9"]
[EventCountry "CZE"]
[SourceTitle "CBM 174 Extra"]
[Source "ChessBase"]
[SourceDate "2016.10.10"]
[SourceVersion "1"]
[SourceVersionDate "2016.10.10"]
[SourceQuality "1"]

1. e4 e6 2. d4 d5 3. Nc3 Nf6 4. e5 Nfd7 5. f4 c5 6. Nf3 Nc6 7. Be3 Be7 8. Qd2 0-0 9. 0-0-0 c4 10. f5 b5 11. f6 gxf6 12. Bh6 fxe5 13. Qf2 Kh8 14. Bxf8 Qxf8 15. dxe5 b4 16. Nb5 Ndxe5 17. Nbd4 Qg7 18. Be2 Bf6 19. Nxe5 Nxd4 20. Rxd4 Bxe5 21. Rg4 Qh6+ 22. Kb1 f5 23. Qh4 Qf8 24. Rg6 Bd7 25. Rh6 Qg7 26. g4 Bxb2 27. gxf5 exf5 28. Rd6 Ba1 29. Kc1 Re8 30. Rxd5 Rxe2 31. Qd8+ Be8 32. Rhd1 Qb2# 0-1

[Event "BEL-ch U18"]
[Site "Blankenberge"]
[Date "2015.04.15"]
[Round "5"]
[White "Maes, Tibo"]
[Black "Wertz, Clara"]
[Result "1-0"]
[WhiteElo "2004"]
[BlackElo "1697"]
[PlyCount "41"]
[EventDate "2015.04.12"]
[EventType "swiss"]
[EventRounds "9"]
[EventCountry "BEL"]
[SourceTitle "CBM 166 Extra"]
[Source "ChessBase"]
[SourceDate "2015.06.18"]
[SourceVersion "1"]
[SourceVersionDate "2015.06.18"]
[SourceQuality "1"]

1. e4 e6 2. d4 d5 3. Nc3 Nf6 4. e5 Nfd7 5. f4 c5 6. Nf3 Nc6 7. Be3 Be7 8. Qd2 cxd4 9. Nxd4 Bc5 10. 0-0-0 Bxd4 11. Bxd4 Nxd4 12. Qxd4 Qb6 13. Qd2 Qa5 14. Kb1 a6 15. g4 Nb8 16. f5 Nc6 17. Qg5 Rg8 18. Bg2 Qc7 19. Bxd5 h6 20. Bxc6+ Qxc6 21. Rd8# 1-0

[Event "Cappelle op 30th"]
[Site "Cappelle la Grande"]
[Date "2014.03.06"]
[Round "7"]
[White "Maes, Tibo"]
[Black "Lacrosse, Marc"]
[Result "0-1"]
[WhiteElo "1914"]
[BlackElo "2183"]
[PlyCount "128"]
[EventDate "2014.03.01"]
[EventType "swiss"]
[EventRounds "9"]
[EventCountry "FRA"]
[SourceTitle "CBM 159 Extra"]
[Source "ChessBase"]
[SourceDate "2014.04.24"]
[SourceVersion "1"]
[SourceVersionDate "2014.04.24"]
[SourceQuality "1"]

1. e4 e5 2. f4 Bc5 3. Nf3 d6 4. Nc3 Nf6 5. Bc4 Nc6 6. d3 Bg4 7. Na4 Bxf3 8. Qxf3 Nd4 9. Qd1 b5 10. Bxf7+ Kxf7 11. Nxc5 dxc5 12. fxe5 Nd7 13. 0-0+ Ke8 14. c3 Ne6 15. d4 cxd4 16. cxd4 Nxe5 17. dxe5 Qxd1 18. Rxd1 Ke7 19. Be3 Rhd8 20. Kf2 Rxd1 21. Rxd1 a6 22. Ke2 Rd8 23. Rxd8 Kxd8 24. b4 Kd7 25. Kf3 Nd8 26. Kf4 Ke6 27. Bd4 Nb7 28. a3 a5 29. g4 axb4 30. axb4 Nd8 31. h4 Nc6 32. Bc3 Nb8 33. h5 Na6 34. Ke3 c5 35. bxc5 Nxc5 36. g5 g6 37. h6 Na4 38. Ba5 Nc5 39. Bc7 Kd7 40. Bd6 Ne6 41. Bb4 Nxg5 42. Kd4 Ke6 43. Bc3 Nf3+ 44. Kc5 g5 45. Kxb5 g4 46. Ba5 g3 47. Bb6 g2 48. Kc6 Kxe5 49. Bf2 Kxe4 50. Kd6 Kf5 51. Ke7 Kg6 52. Ke6 g1Q 53. Bxg1 Nxg1 54. Ke5 Nf3+ 55. Kf4 Ng5 56. Kg4 Kxh6 57. Kh4 Kg6 58. Kg4 h5+ 59. Kh4 Ne4 60. Kh3 Kg5 61. Kh2 Kg4 62. Kg2 h4 63. Kh2 h3 64. Kg1 Kg3 0-1

[Event "NED-ch U16 op"]
[Site "Borne"]
[Date "2013.08.09"]
[Round "8"]
[White "Maes, Tibo"]
[Black "Oosterbaan, Tristan"]
[Result "0-1"]
[WhiteElo "1651"]
[BlackElo "1543"]
[PlyCount "86"]
[EventDate "2013.08.05"]
[EventType "swiss"]
[EventRounds "9"]
[EventCountry "NED"]
[SourceTitle "EXT 2015"]
[Source "ChessBase"]
[SourceDate "2014.11.20"]
[SourceVersion "1"]
[SourceVersionDate "2014.11.20"]
[SourceQuality "1"]

1. e4 e6 2. d4 d5 3. Nc3 dxe4 4. Nxe4 Nd7 5. Nf3 Ngf6 6. Bg5 h6 7. Bh4 Be7 8. Bd3 c5 9. Bxf6 Nxf6 10. dxc5 Nxe4 11. Bxe4 Qa5+ 12. Qd2 Qxd2+ 13. Nxd2 Bxc5 14. Nb3 Be7 15. 0-0-0 0-0 16. Rd3 a5 17. a4 Ra6 18. Rhd1 f5 19. Bf3 e5 20. Bd5+ Kh8 21. Bc4 Rg6 22. g3 b6 23. Kb1 Be6 24. Bxe6 Rxe6 25. Rd5 Rff6 26. Nd2 e4 27. Nc4 Bc5 28. R1d2 f4 29. Re5 Rxe5 30. Nxe5 e3 31. fxe3 fxe3 32. Rd8+ Kh7 33. Nd3 Rf1+ 34. Ka2 Rh1 35. Nxc5 bxc5 36. Re8 Rxh2 37. Rxe3 Rxc2 38. Rc3 Rxc3 39. bxc3 c4 40. Kb2 Kg6 41. Kc2 Kf5 42. Kd2 Ke4 43. Ke2 h5 0-1

[Event "NED-ch U16 op"]
[Site "Borne"]
[Date "2013.08.06"]
[Round "2"]
[White "Van Harten, Maarten"]
[Black "Maes, Tibo"]
[Result "1-0"]
[WhiteElo "1986"]
[BlackElo "1651"]
[PlyCount "51"]
[EventDate "2013.08.05"]
[EventType "swiss"]
[EventRounds "9"]
[EventCountry "NED"]
[SourceTitle "EXT 2015"]
[Source "ChessBase"]
[SourceDate "2014.11.20"]
[SourceVersion "1"]
[SourceVersionDate "2014.11.20"]
[SourceQuality "1"]

1. e4 c5 2. Nf3 d6 3. d4 cxd4 4. Nxd4 Nf6 5. Nc3 a6 6. Be3 e5 7. Nb3 Be7 8. Be2 Be6 9. a4 Nbd7 10. 0-0 0-0 11. a5 Rc8 12. Qd2 Qc7 13. f3 Rfd8 14. Rfd1 Nc5 15. Nc1 d5 16. exd5 Nxd5 17. Nxd5 Rxd5 18. Qe1 Rcd8 19. Rxd5 Rxd5 20. c4 Rd8 21. b4 Nd7 22. Nb3 Qd6 23. Nc5 Nxc5 24. Bxc5 Qc7 25. Bb6 Qc6 26. b5 1-0

[Event "NED-ch U16 op"]
[Site "Borne"]
[Date "2013.08.05"]
[Round "1"]
[White "Maes, Tibo"]
[Black "Langie, Jeroen"]
[Result "1-0"]
[WhiteElo "1651"]
[BlackElo "1087"]
[PlyCount "100"]
[EventDate "2013.08.05"]
[EventType "swiss"]
[EventRounds "9"]
[EventCountry "NED"]
[SourceTitle "EXT 2015"]
[Source "ChessBase"]
[SourceDate "2014.11.20"]
[SourceVersion "1"]
[SourceVersionDate "2014.11.20"]
[SourceQuality "1"]

1. e4 c6 2. d4 d5 3. exd5 cxd5 4. c4 Bf5 5. Nc3 e6 6. cxd5 exd5 7. Qb3 Be6 8. Qxb7 Nd7 9. Nxd5 Qa5+ 10. Nc3 Rb8 11. Qf3 Rc8 12. Bd2 Bb4 13. a3 Bd6 14. d5 Ne5 15. Qe2 Bxd5 16. b4 Bxb4 17. Qxe5+ Kf8 18. Qxd5 Qxd5 19. Nxd5 Bxd2+ 20. Kxd2 Rd8 21. Bc4 Nf6 22. Nf3 Nxd5 23. Bxd5 Rxd5+ 24. Ke2 g6 25. Rhd1 Rb5 26. Rd8+ Kg7 27. Rxh8 Rb2+ 28. Kf1 Kxh8 29. Ne5 Rb7 30. Rd1 Kg7 31. g3 Re7 32. f4 Rb7 33. Rd7 Rb1+ 34. Kg2 Rb2+ 35. Kh3 Kf6 36. Rxf7+ Ke6 37. Rxa7 Kf5 38. Rxh7 Rb3 39. a4 g5 40. Rh5 Rb7 41. Rxg5+ Ke4 42. Kg4 Ra7 43. h4 Rh7 44. a5 Kd5 45. h5 Kd6 46. Rg6+ Kc7 47. h6 Rh8 48. Rg7+ Kd6 49. Nf7+ Ke6 50. Nxh8 Kf6 1-0

[Event "BEL-ch U14"]
[Site "Bruges"]
[Date "2012.04.09"]
[Round "3"]
[White "Sterck, Arno"]
[Black "Maes, Tibo"]
[Result "1/2-1/2"]
[WhiteElo "1791"]
[BlackElo "1555"]
[PlyCount "46"]
[EventDate "2012.04.08"]
[EventType "swiss"]
[EventRounds "9"]
[EventCountry "BEL"]
[SourceTitle "EXT 2013"]
[Source "ChessBase"]
[SourceDate "2012.11.22"]
[SourceVersion "1"]
[SourceVersionDate "2012.11.22"]
[SourceQuality "1"]

1. e4 c5 2. Nf3 d6 3. d4 cxd4 4. Nxd4 Nf6 5. Nc3 a6 6. f4 e5 7. Nf3 Qc7 8. Bd3 Be7 9. 0-0 0-0 10. Qe1 Be6 11. f5 Bc4 12. Bg5 Nbd7 13. Qg3 Rac8 14. Kh1 b5 15. Bxc4 Qxc4 16. Nd2 Qc6 17. Rac1 Rfe8 18. Rcd1 b4 19. Nd5 Qxc2 20. Bh6 Bf8 21. Bg5 Be7 22. Bh6 Bf8 23. Bg5 Be7 1/2-1/2